Statistics for Municipalities of Portage County, Wisconsin

Click here to take the quiz!

General Stats

  • This quiz has been taken 19 times
  • The average score is 17 of 30

Answers on the Map

Answers color-coded by a green-red scale on the quiz's map according to % correct below.
 

Answer Stats

Answer% Correct
City of Stevens Point
100%
Town of Amherst
100%
Town of Plover
100%
Village of Amherst
100%
Village of Plover
100%
Town of Almond
75%
Village of Almond
75%
Village of Amherst Junction
75%
Village of Junction City
75%
Village of Park Ridge
75%
Village of Rosholt
75%
Village of Whiting
75%
Census Designated Place of Bancroft
50%
Census Designated Place of Polonia
50%
Town of Alban
50%
Town of Buena Vista
50%
Town of Dewey
50%
Town of Hull
50%
Town of Sharon
50%
Town of Belmont
25%
Town of Carson
25%
Town of Eau Pleine
25%
Town of Grant
25%
Town of Lanark
25%
Town of Linwood
25%
Town of New Hope
25%
Town of Pine Grove
25%
Town of Stockton
25%
Village of Milladore
25%
Village of Nelsonville
25%

Score Distribution

Percentile by Number Answered

Percent of People with Each Score

Your Score History

You have not taken this quiz